Marvel Heroes by Face #5 - Statistics

General Stats
  • This quiz has been taken 19 times
  • The average score is 12 of 20
Answer Stats
Picture Answer % Correct
Colossus
100%
Red Hulk
95%
Emma Frost
79%
Iron Fist
79%
Hercules
68%
Medusa
68%
Angel
63%
Hit-Monkey
63%
Magik
63%
Silk
63%
Sersi
58%
Polaris
53%
Elsa Bloodstone
47%
Guardian
47%
Sasquatch
47%
Stingray
47%
Captain Marvel
42%
Sunfire
42%
Songbird
37%
Shang-Chi
26%
No matching quizzes found
Score Distribution
Percent of People with Each Score
Percentile by Number Answered
Your Score History
You have not taken this quiz